| 000 | 00692nam a2200217Ia 4500 | ||
|---|---|---|---|
| 003 | OSt | ||
| 005 | 20220317143804.0 | ||
| 008 | 210716s2010 xx 000 0 und d | ||
| 020 | _a8178669129 | ||
| 040 | _cAIMIT LIBRARY | ||
| 041 | _aeng | ||
| 082 |
_a658.848 _27 _bCHEF |
||
| 100 |
_aCherunilam, Francis. _924054 |
||
| 245 |
_aInternational marketing : _btext and cases / _cBy Francis Cherunilam. |
||
| 250 | _a7th ed. | ||
| 260 |
_aNew Delhi : _bHimalaya Publishing House , _c2010. |
||
| 300 |
_a393p. ; _c24.5 cm. |
||
| 650 |
_aExport procedures and documents _924055 |
||
| 650 |
_aTechnological developments and international marketing _924056 |
||
| 942 |
_2ddc _cBK _e7th _k658.848 CHEF |
||
| 999 |
_c206998 _d206998 |
||